Library Catalog

The Revolt / (Record no. 492653)

MARC details
000 -LEADER
fixed length control field 00595nam a22002057a 4500
003 - CONTROL NUMBER IDENTIFIER
control field OSt
005 - DATE AND TIME OF LATEST TRANSACTION
control field 20260511104913.0
008 - FIXED-LENGTH DATA ELEMENTS--GENERAL INFORMATION
fixed length control field 260511b |||||||| |||| 00| 0 eng d
020 ## - INTERNATIONAL STANDARD BOOK NUMBER
International Standard Book Number 9781529405965
040 ## - CATALOGING SOURCE
Original cataloging agency Kenya National Library Service
Description conventions rda
082 ## - DEWEY DECIMAL CLASSIFICATION NUMBER
Classification number 843.92 DUP
100 ## - MAIN ENTRY--PERSONAL NAME
Personal name Dupont-Monod, Clara
Relator term author
245 ## - TITLE STATEMENT
Title The Revolt /
Statement of responsibility, etc. Clara Dupont-Monod, translated by Ruth Diver
300 ## - PHYSICAL DESCRIPTION
Extent 191 pages ;
Dimensions 22 cm.
650 ## - SUBJECT ADDED ENTRY--TOPICAL TERM
Topical term or geographic name entry element Biographical fiction
700 ## - ADDED ENTRY--PERSONAL NAME
Personal name Diver, Ruth
Relator term translator
942 ## - ADDED ENTRY ELEMENTS (KOHA)
Source of classification or shelving scheme Dewey Decimal Classification
Koha item type Books
Suppress in OPAC No

No items available.

© 2025, Kenya National Library Service | Designed & Maintained by Uvumbuzi Center